[Event "II Torneio Aberto Internacional de Xadrez de Ferreira do Alentejo"]
[Site "Ferreira do Alentejo - Portugal"]
[Date "2019.12.19"]
[Round "5.11"]
[White "Dong, Rafael"]
[Black "Sousa, Diogo Miguel Braz"]
[Result "1-0"]
[BlackElo "1375"]
[WhiteElo "1571"]
[WhiteTeam "CX Sintra"]
[BlackTeam "CXFA"]
[LiveChessVersion "1.4.8"]

1. c4 {[%clk 1:31:23]} e6 {[%clk 1:31:12]} 2. Nc3 {[%clk 1:31:42]} Nf6
{[%clk 1:31:05]} 3. e4 {[%clk 1:31:42]} Nc6 {[%clk 1:31:04]} 4. Nf3 e5
{[%clk 1:31:22]} 5. d3 {[%clk 1:31:33]} h6 6. Be2 {[%clk 1:29:58]} Bc5
{[%clk 1:30:36]} 7. Nxe5 {[%clk 1:30:22]} Nxe5 {[%clk 1:30:30]} 8. d4
{[%clk 1:30:22]} Bxd4 {[%clk 1:30:30]} 9. Qxd4 {[%clk 1:28:08]} Nc6 10. Qd1
{[%clk 1:28:31]} O-O {[%clk 1:29:44]} 11. O-O {[%clk 1:28:31]} Re8
{[%clk 1:28:51]} 12. f3 {[%clk 1:27:35]} d6 13. b3 {[%clk 1:27:38]} Bd7
{[%clk 1:24:42]} 14. Bb2 {[%clk 1:27:09]} Qe7 15. Nd5 {[%clk 1:27:12]} Nxd5
{[%clk 1:23:53]} 16. cxd5 {[%clk 1:26:41]} Ne5 {[%clk 1:21:21]} 17. Qd4
{[%clk 1:26:22]} f6 {[%clk 1:18:42]} 18. Rac1 {[%clk 1:21:58]} Rec8
{[%clk 1:15:34]} 19. Qb4 {[%clk 1:18:19]} Rab8 {[%clk 1:12:18]} 20. Qa5
{[%clk 1:17:33]} b6 {[%clk 1:12:13]} 21. Qb4 {[%clk 1:17:30]} c5 {[%clk 1:10:39]}
22. dxc6 {[%clk 1:15:43]} Bxc6 {[%clk 1:10:01]} 23. Bxe5 {[%clk 1:15:56]} fxe5
{[%clk 1:05:59]} 24. Rfd1 {[%clk 1:14:49]} Qg5 {[%clk 1:03:14]} 25. Qxd6
{[%clk 1:15:13]} Qe3+ {[%clk 1:02:53]} 26. Kf1 Bxe4 {[%clk 1:02:55]} 27. Qe6+
{[%clk 1:15:31]} Kh7 {[%clk 1:02:06]} 28. Rxc8 {[%clk 1:16:01]} Rxc8
{[%clk 1:02:04]} 29. Qxc8 {[%clk 1:15:59]} Qf4 {[%clk 1:01:21]} 30. Qg4
{[%clk 1:15:53]} Qf6 {[%clk 1:01:41]} 31. Qxe4+ {[%clk 1:15:53]} Kg8
{[%clk 1:01:41]} 32. Bc4+ {[%clk 1:16:25]} Kf8 {[%clk 1:01:53]} 33. Qd5
{[%clk 1:16:25]} Ke8 {[%clk 1:01:10]} 34. Qd7+ {[%clk 1:16:49]} Kf8
{[%clk 1:00:58]} 35. Qc8+ {[%clk 1:16:49]} Ke7 {[%clk 1:00:58]} 36. Rd7#
{[%clk 1:16:49]} 1-0